PRL - prawda czy fałsz? - Statystyki

Ogólne statystyki
  • Ten quiz został rozwiązany 568 razy
    138 od ostatniego zresetowania
  • Średni wynik to 12 z 15
Statystyki odpowiedzi
Zagadnienie Odpowiedź % Poprawnych
W PRL na produkty w sklepach były karteczki. Prawda
99%
Stan wojenny wprowadził Wojciech Jaruzelski. Prawda
99%
Pałac Kultury zbudowano w czasach PRL. Prawda
87%
Stan wojenny w Polsce wybuch w 1988 roku. Fałsz
85%
Polska przystąpiła do planu Marshalla. Fałsz
83%
Ksiądz Jerzy Popiełuszko współpracował z władzami polskimi w tamtym okresie. Fałsz
83%
Polska graniczyła tylko z państwami które dzisiaj już nie istnieją. Prawda
81%
Przewodniczącym układu Warszawskiego była Polska. Fałsz
79%
Do Solidarności należało ponad 10 mln Polaków. Prawda
79%
Po objęciu władzy przez Bieruta, jego wizerunek widniał w szkołach obok godła Prawda
76%
Władysław Gomułka słynął z zaciągania długów na zachodzie. Fałsz
73%
Strajki przeciwko PRL w stoczni Gdańskiej wybuchły po zwolnieniu Anny Walentynowicz. Prawda
69%
Z Okazji tysiąclecia Polski zbudowano ponad 1000 szkół. Prawda
68%
W latach 80 występował problem dużego bezrobocia. Fałsz
58%
Konstytucja PRL została uchwalona w 1956 roku. Fałsz
54%
Nie znaleziono quizów pasujących do podanych kryteriów
Rozkład punktacji
Procent ludzi z każdym wynikiem
Percentyl według liczby udzielonych odpowiedzi
Twoja historia wyników
Nie rozwiązałeś tego quizu od ostatniego zresetowania